Ace Attorney Culprits - Statistics

General Stats
  • This quiz has been taken 256 times
    251 since last reset
  • The average score is 23 of 31
Answer Stats
Person they killed Culprit % Correct
Mia Fey Redd White
97%
Gregory Edgeworth Manfred von Karma
95%
Cindy Stone Frank Sahwit
93%
Doug Swallow Dahlia Hawthorne
89%
Valerie Hawthorne Dahlia Hawthorne
89%
Bruce Goodman Damon Gant
88%
Russell Berry Acro
87%
Elise Deauxnim (Misty Fey) Godot
87%
Jack Hammer Dee Vasquez
86%
Shadi Smith (Zak Gramarye) Kristoph Gavin
86%
Drew Misham Kristoph Gavin
86%
Juan Corrida Matt Engarde
86%
Robert Hammond Yanni Yogi
85%
Turner Grey Ini (Mimi) Miney
82%
Glen Elg Furio Tigre
80%
Kane Bullard Luke Atmey
80%
Dustin Prince Richard Wellington
78%
Clay Terran Phantom
72%
Metis Cykes Phantom
72%
Candice Arme Ted Tonate
66%
Paul Meraktis Alita Tiala
65%
Constance Courte Aristotle Means
65%
Romein LeTouse Daryan Crescend
61%
Inga Karkhuul Khura'in Ga'ran Sigatar Khura'in
56%
Rex Kyubi Florent L'Belle
54%
Taifu Toneido Geiru Toneido
53%
Manov Mistree Roger Retinz
53%
Archie Buff Paul Atishon
49%
Paht Rohl Pees’lubn Andistan'dhin
44%
Dumas Gloomsbury Pierce Nichody
38%
Puhray Zeh'lot Beh'leeb Inmee
37%
No matching quizzes found
Score Distribution
Percent of People with Each Score
Percentile by Number Answered
Your Score History
You have not taken this quiz since the last reset